[Event "Gashimov Memorial"]
[Site "Shamkir AZE"]
[Date "2017.04.29"]
[EventDate "2017.04.20"]
[Round "8"]
[Result "1-0"]
[White "Vladimir Kramnik"]
[Black "Michael Adams"]
[WhiteElo "2811"]
[BlackElo "2761"]
[PlyCount "81"]

1. e4 e5 2. Nf3 Nc6 3. Bc4 Bc5 4. O-O Nf6 5. d3 d6 6. c3 h6
7. Re1 O-O 8. Nbd2 a6 9. Nf1 Re8 10. a4 Ba7 11. b4 Be6
12. Bxe6 Rxe6 13. Be3 Qd7 14. b5 Ne7 15. bxa6 bxa6 16. Bxa7
Rxa7 17. Qb3 c6 18. Rab1 Ng6 19. g3 a5 20. Ne3 Re8 21. Nc4 Kh7
22. Qc2 Qe6 23. Ne3 d5 24. Kg2 Kg8 25. h4 Rd7 26. c4 Red8
27. cxd5 cxd5 28. Rb5 Ne7 29. Rc5 Rd6 30. Rc1 Ra6 31. Qb2 Ng6
32. Qb7 Ne7 33. Nf5 Rd7 34. Rc7 Rb6 35. Qa7 Ra6 36. Qb8+ Kh7
37. Rc8 Ng6 38. Rh1 Nh5 39. Ng5+ hxg5 40. hxg5 Ngf4+ 41. gxf4
1-0